000
00481nam a2200133Ia 4500
008
100328s9999 xx 000 0 und d
082
_b
47981
100
_a
शनवारे ना.कृ.
245
_a
अपूर्णातून अपूर्णाकडे
260
_b
मॅजेस्टिक
630
_a
अपूर्णातून अपूर्णाकडे
730
_a
अपूर्णातून अपूर्णाकडे
942
_c
BOOK
999
_c
535666
_d
535663